| 000 | 01523ngm a2200229 a 4500 | ||
|---|---|---|---|
| 005 | 20210223130129.0 | ||
| 008 | 070125s2003 ea 105 aaspa d | ||
| 035 | _aUPN01000148876 | ||
| 049 | _aAV | ||
| 050 | 4 | _aDVD QP 53 | |
| 245 | 0 | 0 |
_aADN : _bel precio de la evolución / _cdir. Nic Young |
| 260 |
_a[E.U.A.] : _bDiscovery Channel, _cc2003. |
||
| 300 |
_a1 DVD (105 min.) : _bson., col. ; _c4 3/4 plg. |
||
| 500 | _aCaracterísticas especiales: idiomas español e inglés, menús interactivos y avances | ||
| 520 | _aEl ser humano siempre ha estado atado a su código genético, desde los primeros hombres que caminaron sobre la faz de la tierra. Gracias al estudio del genoma humano y sus aplicaciones, quizá ya no tenga que estarlo por más tiempo. El presente DVD es un documental que a través de casos reales, muestra los avances en el terreno de la salud, como son: la prevención y diagnostico de enfermedades como el cáncer, diabetes, obesidad y otras enfermedades hereditarias. Muestra un futuro donde se diseñarán humanos cada vez más sanos y perfectos. El conocimiento en la genética promete un futuro perfecto, sin embargo, su mal uso podría desencadenar a la larga el abuso por algunas empresas y un nuevo tipo de discriminación social que mermará los beneficios y avances genéticos ganados | ||
| 533 | _aRegión 1 y 4 | ||
| 534 |
_pTítulo original: _tDNA |
||
| 650 | 4 |
_aADN _9116 |
|
| 650 | 4 |
_aDOCUMENTALES POR TELEVISION _95921 |
|
| 700 | 1 |
_aYoung, Nic, _edir. |
|
| 905 | _aAudiovisuales | ||
| 999 |
_c121017 _d121017 |
||